| 000 | 00594nam a2200217 a 4500 | ||
|---|---|---|---|
| 005 | 20210223120925.0 | ||
| 008 | 991125s1991 mx 000 0 spa u | ||
| 020 | _a9686382437 | ||
| 035 | _aUPN01000009382 | ||
| 049 | _aI | ||
| 050 | 4 | _aHE2818 L8.3 | |
| 100 | 1 | _aLudlow, Leonor | |
| 245 | 1 | 2 |
_aÿ Cómo hicieron esas máquinas? / _cLeonor Ludlow |
| 260 |
_aMéxico : _bInstituto Mora, _c1991 |
||
| 300 | _a53 p. | ||
| 440 | 3 | _aEl tiempo vuela | |
| 650 | 4 |
_aFERROCARRILES - _zMEXICO - _xHISTORIA _917862 |
|
| 902 | _aEMO ESTELA MURATALLA OCHOA | ||
| 904 |
_aAC _b009383 |
||
| 905 | _aInfantil | ||
| 999 |
_c9382 _d9382 |
||